<The> Oxford Book of Money

Saved in:
Bibliographic Details
Other Authors: Jackson, Kevin T.
Format: Book
Language:English
Published: Oxford Oxford University Press 1995
Edition:1. ed.
Subjects:
Tags: Add Tag
No Tags, Be the first to tag this record!

MARC

LEADER 00000nam a2200000 4500
001 c020184
005 20221205133351.7
020 |a 0-19-214200-3 
041 0 |a eng 
044 |a GB 
245 1 0 |a <The> Oxford Book of Money  |c Edit. Kevin Jackson 
250 |a 1. ed. 
264 1 |a Oxford  |b Oxford University Press  |c 1995 
300 |a 479 s. 
610 2 0 |a peniaze 
610 2 0 |a osobnosť 
610 2 0 |a obeživo 
610 2 0 |a mince 
610 2 0 |a pôžičky 
610 2 0 |a sporenie obyvateľstva 
610 2 0 |a chudoba 
610 2 0 |a nástroje finančné 
610 2 0 |a potreby životné 
700 1 |a Jackson, Kevin T.